Gry video A-Z #3 - Statystyki

Ogólne statystyki
  • Ten quiz został rozwiązany 55 razy
  • Średni wynik to 12 z 26
Statystyki odpowiedzi
Litera Opis Gra % Poprawnych
G Seria gier, w których wcielamy się w przestępcę w fikcyjnym amerykańskim mieście i wykonujemy różne zadania Grand Theft Auto
84%
B Seria gier FPS obejmujących misje fabularne w wielkich wojnach oraz mecze wieloosobowe z użyciem różnego rodzaju sprzętu współczesnego wojska Battlefield
79%
F Seria gier wyścigowych obejmująca podserie Motorsport i Horizon, wydawana tylko na Xbox Forza
79%
A Gra przeglądarkowa, w której jako komórka zjadamy inne komórki i możemy się podzielić, żeby sobie to zadanie ułatwić Agar.io
72%
T Gra o układaniu spadających klocków i zdobywaniu punktów po wypełnieniu całej linii tymi klockami Tetris
72%
I Seria gier inspirowanych filmem o tym samym tytule, w której wcielamy się w słynnego archeologa, odkrywamy starożytne artefakty i walczymy z wrogami Indiana Jones
70%
K Polska seria gier platformowych 3D, w której sterujemy żółtym kangurem z rękawicami bokserskimi Kangurek Kao
70%
C Gra strategiczna, gdzie staramy się za pomocą posiadanych kart (np. Hog Rider) zniszczyć zamek przeciwnika, jednocześnie nie dopuszczając do zniszczenia własnego Clash Royale
67%
P Strzelanka battle royale, w której gracze są rozrzucani po całej mapie, której obszar z czasem się zmniejsza PUBG
63%
H Seria gier FPS o Gordonie Freemanie, fizyku, który jest zmuszony do stawiania czoła ogromnym trudnościom związanym z kompleksem badawczym Black Mesa Half-Life
60%
S Gra mobilna, w której uciekamy nastolatkiem przed policjantem i psem biegnąc wzdłuż torów kolejowych i unikając przeszkód Subway Surfers
60%
U Seria gier akcji o Nathanie Drake'u, poszukiwaczu skarbów podróżującym po świecie Uncharted
60%
D Gra z 2023 roku na podstawie czarodziejskiego uniwersum J.K. Rowling Dziedzictwo Hogwartu
56%
R Gra survivalowa w trybie multiplayer, w której gracze muszą zaspokajać swoje potrzeby fizjologiczne oraz bronić się przed innymi graczami Rust
47%
N Seria gier od Visual Concepts, w której gramy w koszykówkę w ramach różnych trybów gry NBA 2K
40%
Y Seria spin-offów Mario, w których tytułowym bohaterem jest zielony dinozaur Yoshi
40%
E Seria gier strategicznych od Paradoxu osadzonych w czasach nowożytnych Europa Universalis
30%
J Gra przygodowa inspirowana filmem o tej samej nazwie, w której celem jest odzyskanie klejnotów i uratowanie krainy Jumanji
19%
V Gracz steruje wikingiem, który trafił po śmierci do Walhalli i musi pokonać jeszcze pewnych wrogów boga Odyna, aby móc zaznać spokoju w tej krainie Valheim
19%
L Platformówka 2D, w której poruszamy się w mrocznym świecie pełnym zagadek i pułapek, by ostatecznie odnaleźć siostrę Limbo
16%
W Seria gier osadzonych w mrocznym świecie fantasy przypominającym późne średniowiecze, a gracz prowadzi bohaterów w bitwach i kampaniach, oprócz gier video uniwersum obejmuje także m.in. książki i gry planszowe Warhammer
16%
M Seria gier, w której prowadzimy własną armię, wykonujemy zadania i zdobywamy zamki, po których można spacerować Mount & Blade
14%
O Gra, w której odbieramy połączenia alarmowe i wysyłamy odpowiednie służby na miejsce zdarzenia Operator numeru alarmowego
12%
X Seria gier jRPG na Wii i Nintendo, w której przemierzamy różnorodne krainy, odkrywamy ich tajemnice i walczymy z rasą Mechonów Xenoblade Chronicles
5%
Z Seria łamigłówek 2D, w których staramy się doprowadzić niebieską kulkę do zielonego pola, przy okazji detonując czerwone klocki i pomagając sobie żółtymi klockami i kulkami Zup!
2%
Q Gra towarzyska, w której staramy się udzielać jak najśmieszniejszych odpowiedzi na wylosowane hasła Quiplash
0%
Nie znaleziono quizów pasujących do podanych kryteriów
Rozkład punktacji
Procent ludzi z każdym wynikiem
Percentyl według liczby udzielonych odpowiedzi
Twoja historia wyników
Nie rozwiązałeś tego quizu